00530 2200205 4500001002100000005001500021035002000036245007200056100001000128250000600138300003100144700002000175260003500195082000800230084001400238020001800252650002000270990001700290990001700307INLIS00000000000103820190412024820 a0010-04190000471 aGanggang Merah Membawa Berkah /cHasan; Ilustrator, Rochman Suryana0 aHasan a- a80 hlm. :bilus. ;c21 cm.0 aRochman Suryana aBandung :bWahana Iptek,c2010 a813 a813 HAS g a602-813-438-4 aFiksi Indonesia a03809/H/2018 a03810/H/2018